[Event "DEM U16w 2005"]
[Site "Willingen GER"]
[Date "2005.05.21"]
[Round "9"]
[White "Benzen, Marthe"]
[Black "Hofmann, Christine"]
[Result "1-0"]
[Termination "normal"]
[Board "9"]
[WhiteElo "1547"]
[BlackElo "1620"]
[PlyCount "101"]
[WhiteFideId "24647764"]
[EventCountry "GER"]
[EventRounds "9"]
[EventType "swiss"]
[EventDate "2005.05.15"]

1. e4 e6 2. d3 d5 3. Nd2 c5 4. g3 b6 5. Bg2 Bb7 6. e5 Nc6 7. Ngf3 Qc7 8. Qe2
Nge7 9. O-O Nf5 10. c3 Be7 11. Re1 h5 12. h4 O-O-O 13. Nf1 Rdg8 14. Bf4 Qd8 15.
Bg5 Kb8 16. Red1 Bc8 17. Bxe7 Qxe7 18. Ne3 Nxe3 19. Qxe3 f6 20. d4 c4 21. exf6
gxf6 22. Nd2 Bb7 23. Re1 Nd8 24. b3 b5 25. a4 cxb3 26. Nxb3 a6 27. axb5 axb5
28. Nc5 f5 29. Nxe6 Nxe6 30. Qxe6 Qxe6 31. Rxe6 Rc8 32. Re3 Rc7 33. Bh3 Rf8 34.
Rae1 Bc6 35. Re5 Rcf7 36. f4 Rg7 37. Kf2 Rfg8 38. R1e3 Ra7 39. Bxf5 Ra2+ 40.
Re2 Ra3 41. R5e3 Kb7 42. Bh7 Rh8 43. Bg6 Rh6 44. f5 Bd7 45. Rc2 Ra6 46. Re5 Rf6
47. Ke3 Kc6 48. Ra2 Kb6 49. Rxd5 Bc8 50. Rb2 Ba6 51. c4 1-0

[Event "DEM U16w 2005"]
[Site "Willingen GER"]
[Date "2005.05.21"]
[Round "9"]
[White "Czygan, Dana"]
[Black "Nekrassova, Ekatherina"]
[Result "1-0"]
[Termination "normal"]
[Board "10"]
[WhiteElo "1603"]
[BlackElo "1538"]
[PlyCount "119"]
[EventCountry "GER"]
[EventRounds "9"]
[EventType "swiss"]
[EventDate "2005.05.15"]

1. c4 e6 2. e4 d5 3. exd5 exd5 4. cxd5 Qxd5 5. Nc3 Qd8 6. Nf3 g6 7. Bc4 Bg7 8.
O-O Ne7 9. Ng5 O-O 10. Qb3 Qe8 11. Re1 c6 12. Nce4 Be5 13. d4 b5 14. Bxf7+ Rxf7
15. Nxf7 Qxf7 16. Qxf7+ Kxf7 17. dxe5 Bf5 18. Nd6+ Ke6 19. Nxf5 Nxf5 20. Bf4
Nd7 21. Rad1 Rc8 22. Bc1 c5 23. f4 c4 24. g4 Ng7 25. Rd6+ Ke7 26. Red1 Nc5 27.
Be3 Nd3 28. R6xd3 cxd3 29. Rxd3 Ne6 30. Ra3 a6 31. Rxa6 Rc4 32. Ra7+ Kf8 33.
Rxh7 Nxf4 34. Bxf4 Rxf4 35. h3 Re4 36. Rb7 Rxe5 37. Kf2 Ke8 38. Ra7 Rc5 39. Ke3
Rc2 40. b3 Rc3+ 41. Kf4 Rxh3 42. Kg5 Rg3 43. Rb7 Rg2 44. Rxb5 Rxa2 45. Kxg6 Ke7
46. g5 Rg2 47. Kg7 Rg3 48. g6 Rg2 49. Rb6 Rg3 50. Kg8 Rg5 51. g7 Rg3 52. Rb7+
Ke6 53. Kf8 Rf3+ 54. Ke8 Rg3 55. b4 Rg4 56. b5 Rg5 57. b6 Kd6 58. Rc7 Rg4 59.
Kf8 Rf4+ 60. Rf7 1-0

[Event "DEM U16w 2005"]
[Site "Willingen GER"]
[Date "2005.05.21"]
[Round "9"]
[White "Muratow, Katerina"]
[Black "Popovic, Nathalie"]
[Result "0-1"]
[Termination "normal"]
[Board "11"]
[WhiteElo "1464"]
[BlackElo "1591"]
[PlyCount "98"]
[BlackFideId "24630292"]
[EventCountry "GER"]
[EventRounds "9"]
[EventType "swiss"]
[EventDate "2005.05.15"]

1. e4 e6 2. Nf3 d5 3. Nc3 Nf6 4. e5 Nfd7 5. Ne2 c5 6. c3 Nc6 7. d4 b6 8. Be3
Ba6 9. Qa4 Qc8 10. g3 b5 11. Qc2 b4 12. Bg2 bxc3 13. bxc3 cxd4 14. cxd4 Nb4 15.
Qxc8+ Rxc8 16. Rb1 Rc2 17. Nc1 Nxa2 18. Nxa2 Re2+ 19. Kd1 Rxa2 20. Re1 Be7 21.
Bd2 O-O 22. Re3 Rc8 23. Reb3 Nb6 24. Ke1 Rcc2 25. Rc3 Rxc3 26. Bxc3 Re2+ 27.
Kd1 Rxf2 28. Rb2 Rxb2 29. Bxb2 Nc4 30. Bc1 Na5 31. h4 Nc6 32. Bb2 f6 33. Bh3
Bc8 34. exf6 gxf6 35. Kd2 Bd6 36. g4 e5 37. dxe5 fxe5 38. Ke3 h5 39. Bg2 Bxg4
40. Ng5 Bc5+ 41. Kd3 e4+ 42. Nxe4 dxe4+ 43. Bxe4 Ne7 44. Bf6 Bf5 45. Bxf5 Nxf5
46. Kc4 Bf2 47. Kb5 Bxh4 48. Be5 Bf2 49. Ka6 h4 0-1

[Event "DEM U16w 2005"]
[Site "Willingen GER"]
[Date "2005.05.21"]
[Round "9"]
[White "Ley, Janine"]
[Black "Dobrusina, Anna"]
[Result "1/2-1/2"]
[Termination "normal"]
[Board "12"]
[WhiteElo "1466"]
[BlackElo "1528"]
[PlyCount "65"]
[WhiteFideId "24671274"]
[EventCountry "GER"]
[EventRounds "9"]
[EventType "swiss"]
[EventDate "2005.05.15"]

1. c4 Nf6 2. d4 g6 3. Nc3 Bg7 4. e4 d6 5. f3 O-O 6. Be3 e5 7. d5 Nbd7 8. Nge2
Nh5 9. Qd2 f5 10. O-O-O f4 11. Bf2 g5 12. g4 Nhf6 13. h4 h6 14. hxg5 hxg5 15.
Kb1 Kf7 16. Nc1 Rh8 17. Be2 a5 18. Nb5 b6 19. Rxh8 Bxh8 20. Rh1 Bg7 21. Be1 Nc5
22. Nd3 Bd7 23. Nxc5 bxc5 24. a4 Qc8 25. Bf2 Bxb5 26. cxb5 Ke7 27. b3 Qb7 28.
Kc2 Qb6 29. Be1 Ra7 30. Bc4 Ra8 31. Rh3 Qb8 32. Qh2 Qe8 33. Kd3 1/2-1/2

[Event "DEM U16w 2005"]
[Site "Willingen GER"]
[Date "2005.05.21"]
[Round "9"]
[White "Winter, Hannah"]
[Black "Dittrich, Jacqueline"]
[Result "1/2-1/2"]
[Termination "normal"]
[Board "13"]
[WhiteElo "1386"]
[BlackElo "1648"]
[PlyCount "92"]
[BlackFideId "24666270"]
[EventCountry "GER"]
[EventRounds "9"]
[EventType "swiss"]
[EventDate "2005.05.15"]

1. e4 e6 2. d4 d5 3. Nd2 Nf6 4. e5 Nfd7 5. Ngf3 c5 6. c3 Nc6 7. Bb5 cxd4 8.
cxd4 Qb6 9. Bxc6 bxc6 10. O-O c5 11. dxc5 Bxc5 12. Nb3 Ba6 13. Nxc5 Nxc5 14.
Re1 Nd3 15. Re3 Nxb2 16. Bxb2 Qxb2 17. Rb3 Qe2 18. Qxe2 Bxe2 19. Nd4 Bc4 20.
Rb7 O-O 21. a3 Rfb8 22. Rxb8+ Rxb8 23. f4 Rb6 24. g3 f6 25. h4 Kf7 26. Kf2 Bb5
27. Rb1 Bd7 28. Rxb6 axb6 29. Ke3 f5 30. Kf2 Ke7 31. Ke2 h6 32. Ke3 Kf7 33. Kf2
Kg6 34. Ke3 Kh5 35. Kf3 g5 36. hxg5 hxg5 37. fxg5 Kxg5 38. Ne2 Bb5 39. Nd4 Bd7
40. Ne2 Be8 41. Nd4 Bf7 42. a4 Bh5+ 43. Kf2 Bf7 44. Kf3 Kg6 45. Ke3 Kh5 46. Kf4
Kg6 1/2-1/2